Separate and unequal : the inside story of Israeli rule in East Jerusalem /

Bibliographic Details
Main Author: Cheshin, Amir
Other Authors: Hutman, Bill, Melamed, Avi
Format: Book
Language:English
Published: Cambridge, Mass. : Harvard University Press, 1999.
Subjects:

MARC

Tag First Indicator Second Indicator Subfields
LEADER 00000cam a2200000 a 4500
001 in00001486921
005 20151021070314.0
008 981125s1999 maub b 001 0 eng
010 |a  98053991  
015 |a GB99-Y8704 
020 |a 0674801369 
035 |a (OCoLC)40433293 
035 |9 AJG9903AM 
040 |a DLC  |c DLC  |d YDX  |d UKM  |d TXA  |d UtOrBLW 
042 |a pcc 
043 |a a-is---  |a awba--- 
049 |a TXAM 
050 0 0 |a DS109.94  |b .C49 1999 
082 0 0 |a 323.1/192740569442  |2 21 
100 1 |a Cheshin, Amir. 
245 1 0 |a Separate and unequal :  |b the inside story of Israeli rule in East Jerusalem /  |c Amir Cheshin, Bill Hutman, Avi Melamed. 
264 1 |a Cambridge, Mass. :  |b Harvard University Press,  |c 1999. 
300 |a 275 pages :  |b maps ;  |c 24 cm. 
336 |a text  |b txt  |2 rdacontent 
337 |a unmediated  |b n  |2 rdamedia 
338 |a volume  |b nc  |2 rdacarrier 
504 |a Includes bibliographical references (pages [253]-262) and index. 
650 0 |a Palestinian Arabs  |x Government policy  |z Jerusalem. 
651 0 |a Jerusalem  |x Politics and government. 
650 4 |a Arab-Israeli conflict. 
651 4 |a Jerusalem  |x Ethnic relations. 
651 4 |a Israel  |x Politics and government. 
700 1 |a Hutman, Bill. 
700 1 |a Melamed, Avi. 
948 |a c:ktn 
999 |a MARS 
999 f f |s 6d1fce6b-4d72-365e-8c89-fa97ab7d5151  |i 4a9c7b8b-06ed-309a-a813-35f9cafd0936  |t 0 
952 f f |p ric  |a Texas A&M University  |b Rellis Campus  |c Joint Library Facility  |d Remote Storage  |t 0  |e DS109.94 .C49 1999  |h Library of Congress classification  |i unmediated -- volume  |m A14824256492 
998 f f |a DS109.94 .C49 1999  |t 0  |l Remote Storage